Az SIS járványterjedési modell globális dinamikájának vizsgálata gamma-eloszlású fertőzési periódussal [absztrakt] /

Elmentve itt :
Bibliográfiai részletek
Szerző: Tekeli Tamás
Testületi szerző: VI. Eötvözet : Eötvös Collegium és az Eötvös Loránd Kollégium közös bölcsészkonferenciája
Dokumentumtípus: Könyv része
Megjelent: SZTE Eötvös Loránd Kollégium Szeged 2017
Sorozat:Acta Szegediensia Collegii de Rolando Eötvös Nominati : Eötvözet 6
Kulcsszavak:Járványterjedési modellek - előadáskivonat, Matematikai modellek - előadáskivonat, Matematika - alkalmazott - előadáskivonat, Valószínűségszámítás - előadáskivonat
Tárgyszavak:
Online Access:http://acta.bibl.u-szeged.hu/86506
LEADER 01151naa a2200217 i 4500
001 acta86506
005 20250219092336.0
008 250219s2017 hu o 100 hun d
022 |a 2062-8439 
040 |a SZTE Egyetemi Kiadványok Repozitórium  |b hun 
041 |a hun 
100 1 |a Tekeli Tamás 
245 1 3 |a Az SIS járványterjedési modell globális dinamikájának vizsgálata gamma-eloszlású fertőzési periódussal   |h [elektronikus dokumentum] :  |b [absztrakt] /  |c  Tekeli Tamás 
260 |a SZTE Eötvös Loránd Kollégium  |b Szeged  |c 2017 
300 |a 44 
490 0 |a Acta Szegediensia Collegii de Rolando Eötvös Nominati : Eötvözet  |v 6 
650 4 |a Természettudományok 
650 4 |a Matematika 
695 |a Járványterjedési modellek - előadáskivonat, Matematikai modellek - előadáskivonat, Matematika - alkalmazott - előadáskivonat, Valószínűségszámítás - előadáskivonat 
711 |a VI. Eötvözet : Eötvös Collegium és az Eötvös Loránd Kollégium közös bölcsészkonferenciája  |c Szeged  |d 2017. április 7-8. 
856 4 0 |u http://acta.bibl.u-szeged.hu/86506/1/eotvozet_006_osszefoglalok_044.pdf  |z Dokumentum-elérés